000 00660nam a2200229Ia 4500
003 OSt
005 20220925192926.0
006 a|||||r|||| 00| 0
007 ta
008 220923b |||||||| |||| 00| 0 eng d
037 _cGeneral Book
040 _aRTL
_cRTL
_beng
041 _2eng
_aeng
082 _aX9(H1).236.N63, K3
110 _aPANJAB MINERALS COMPANY LTD.
_9246824
245 0 _aReport of the directors with account,1963.
260 _aCalcutta
_bPunjab co.
_c1963
300 _a13p.
_ccm.
700 _aPANJAB MINERALS COMPANY LTD.
_9246825
942 _hX9(H1).236.N63, K3
_cGB
_2CC
999 _c523934
_d523934